Erkenne die echten Deutschrapper - Statistiken

Allgemein
  • Dieses Quiz wurde 773 mal gespielt
  • Das Durchschnittsergebnis liegt bei 10 aus 13
Answers on the Grid
Answers color-coded by a green-red scale on the quiz's grid according to % correct below.
Juju
Bausa
Dripmatic
LX
Ghostliner
Skyptik
Fero47
Zuna
Ravenmoos
Miami Yacine
Kalim
Lil Lano
Lyrikal
$oho Bani
Raptail
Olexesh
OG Keemo
Cyberbeat
Trettmann
Summer Cem
 
Antwortstatistiken
Antwort % Korrekt
Bausa
97%
Juju
94%
Summer Cem
90%
Fero47
83%
Olexesh
82%
Miami Yacine
79%
OG Keemo
75%
Trettmann
75%
LX
74%
Zuna
74%
Lil Lano
72%
$oho Bani
72%
Kalim
71%
Keine übereinstimmenden Quizze gefunden
Verteilung der Resultate
Anzahl Personen mit jedem Resultat
Perzentil nach korrekt beantworteten Fragen
Ihre Resultats-Entwicklung
Sie haben dieses Quiz noch nicht gespielt